Catálogo público

Agrometeorología / (Record no. 165556)

MARC details
000 -CABECERA
campo de control de longitud fija 00567nam a2200241Ia 4500
001 - NÚMERO DE CONTROL
campo de control Z_2499
008 - DATOS DE LONGITUD FIJA--INFORMACIÓN GENERAL
campo de control de longitud fija 220113s1986 xx 000 0 und d
010 ## - NÚMERO DE CONTROL DE LA BIBLIOTECA DEL CONGRESO
Número de control de LC 165556
082 ## - NÚMERO DE LA CLASIFICACIÓN DECIMAL DEWEY
Número de clasificación 551.5 T6
100 ## - ENTRADA PRINCIPAL--NOMBRE DE PERSONA
Nombre de persona Torres Ruiz, Edmundo
9 (RLIN) 114228
245 ## - MENCIÓN DE TÍTULO
Título Agrometeorología /
Mención de responsabilidad, etc. por Edmundo Torres Ruiz
260 ## - PUBLICACIÓN, DISTRIBUCIÓN, ETC.
Lugar de publicación, distribución, etc. México, D. F. :
Nombre del editor, distribuidor, etc. Diana,
Fecha de publicación, distribución, etc. 1986
300 ## - DESCRIPCIÓN FÍSICA
Extensión 150 p. :
Otras características físicas ilus.
440 ## - MENCIÓN DE SERIE/PUNTO DE ACCESO ADICIONAL--TÍTULO
Título
500 ## - NOTA GENERAL
Nota general
503 ## - NOTA DE HISTORIA BIBLIOGRÁFICA (BK CF MU) [OBSOLETO]
Nota de historia bibliográfica C/E
650 ## - PUNTO DE ACCESO ADICIONAL DE MATERIA--TÉRMINO DE MATERIA
Término de materia o nombre geográfico como elemento de entrada Meteorología agrícola
9 (RLIN) 75217
901 ## - ELEMENTOS DE DATOS A LOCAL LDA (RLIN)
a 551.5 T6
902 ## - ELEMENTOS DE DATOS B LOCAL, LDB (RLIN)
a A
910 ## - DATOS DE OPCIÓN DEL USUARIO (OCLC)
Datos de opción del usuario 1986
942 ## - ELEMENTOS DE PUNTO DE ACCESO ADICIONAL (KOHA)
Tipo de ítem Koha

No items available.